Who designed that? (Record no. 73356)
[ view plain ]
| 000 -LEADER | |
|---|---|
| fixed length control field | 01028cam a2200229 4500 |
| 001 - CONTROL NUMBER | |
| control field | ABS66956 |
| 008 - FIXED-LENGTH DATA ELEMENTS--GENERAL INFORMATION | |
| fixed length control field | 030904n2003 000 0 eng u |
| 035 ## - SYSTEM CONTROL NUMBER | |
| System control number | (Sirsi) u123498 |
| 100 ## - MAIN ENTRY--PERSONAL NAME | |
| Personal name | Tobin, A. |
| 245 ## - TITLE STATEMENT | |
| Title | Who designed that? |
| 260 ## - PUBLICATION, DISTRIBUTION, ETC. | |
| Date of publication, distribution, etc. | 2003 |
| 490 ## - SERIES STATEMENT | |
| Series statement | Construction Law Bulletin |
| Volume/sequential designation | July 2003, 24-26(3) |
| 520 ## - SUMMARY, ETC. | |
| Summary, etc. | Looks at how the law deals with responsibility for design in construction projects. Questions how modern procurement methods, and in increasingly complex construction, have made the lines of responsibility between professional consultants and contractors less clear. Outlines the duties of consultants and design and build contractors, and emphasises that contracts or deeds of appointment should clearly set these out. |
| 590 ## - LOCAL NOTE (RLIN) | |
| Local note | ABS |
| 650 ## - SUBJECT ADDED ENTRY--TOPICAL TERM | |
| Topical term or geographic name entry element | PROFESSIONAL CONSULTANTS |
| 650 ## - SUBJECT ADDED ENTRY--TOPICAL TERM | |
| Topical term or geographic name entry element | BUILDING CONTRACTORS |
| 650 ## - SUBJECT ADDED ENTRY--TOPICAL TERM | |
| Topical term or geographic name entry element | Procurement-old |
| 650 ## - SUBJECT ADDED ENTRY--TOPICAL TERM | |
| Topical term or geographic name entry element | DESIGN AND BUILD PROJECTS |
| 650 ## - SUBJECT ADDED ENTRY--TOPICAL TERM | |
| Topical term or geographic name entry element | DESIGN AND BUILD CONTRACTORS |
| 690 ## - LOCAL SUBJECT ADDED ENTRY--TOPICAL TERM (OCLC, RLIN) | |
| Topical term or geographic name as entry element | BUILDING AND CONSTRUCTION-PROJECTS |
| 942 ## - ADDED ENTRY ELEMENTS (KOHA) | |
| Suppress in OPAC | 0 |
| Withdrawn status | Lost status | Source of classification or shelving scheme | Damaged status | Not for loan | Home library | Current library | Shelving location | Date acquired | Total Checkouts | Full call number | Barcode | Date last seen | Copy number | Price effective from | Koha item type |
|---|---|---|---|---|---|---|---|---|---|---|---|---|---|---|---|
| Dewey Decimal Classification | London | London | Journal article | 04/09/2003 | ABS66956 | 123498-1001 | 06/08/2019 | 1 | 06/08/2019 | Journal article |